<?xml version="1.0" encoding="UTF-8"?>
<record
    xmlns:xsi="http://www.w3.org/2001/XMLSchema-instance"
    xsi:schemaLocation="http://www.loc.gov/MARC21/slim http://www.loc.gov/standards/marcxml/schema/MARC21slim.xsd"
    xmlns="http://www.loc.gov/MARC21/slim">

  <leader>00707nam a22001937a 4500</leader>
  <controlfield tag="005">20260522161517.0</controlfield>
  <datafield tag="010" ind1=" " ind2=" ">
    <subfield code="a">ENG-148605</subfield>
  </datafield>
  <datafield tag="020" ind1=" " ind2=" ">
    <subfield code="c">360.00</subfield>
    <subfield code="a">9788119337118</subfield>
  </datafield>
  <datafield tag="035" ind1=" " ind2=" ">
    <subfield code="a">EN-132137</subfield>
  </datafield>
  <datafield tag="037" ind1=" " ind2=" ">
    <subfield code="b">DBAD</subfield>
  </datafield>
  <datafield tag="082" ind1=" " ind2=" ">
    <subfield code="a">363.7396</subfield>
    <subfield code="2">1</subfield>
  </datafield>
  <datafield tag="100" ind1=" " ind2=" ">
    <subfield code="a">Saraaswathi, S. Gnaana</subfield>
    <subfield code="9">82131</subfield>
  </datafield>
  <datafield tag="245" ind1=" " ind2=" ">
    <subfield code="a">Soil:</subfield>
    <subfield code="b">The Dynamic Nexus of Life,Science and Sustainability/</subfield>
    <subfield code="c">S. Gnaana Saraaswathi</subfield>
  </datafield>
  <datafield tag="250" ind1=" " ind2=" ">
    <subfield code="a">1</subfield>
  </datafield>
  <datafield tag="260" ind1=" " ind2=" ">
    <subfield code="a">Tamil Nadu, India</subfield>
    <subfield code="b">Shanlax Publications</subfield>
    <subfield code="c">2023</subfield>
  </datafield>
  <datafield tag="270" ind1=" " ind2=" ">
    <subfield code="b">Tamil Nadu</subfield>
    <subfield code="a">Shanlax Publications, Vasantha Nagar, Madurai, Tamil Nadu</subfield>
    <subfield code="e">625003</subfield>
    <subfield code="m">www.shanlaxpublications.com </subfield>
    <subfield code="m">publisher@shanlaxpublications.com</subfield>
  </datafield>
  <datafield tag="300" ind1=" " ind2=" ">
    <subfield code="a">199p.</subfield>
    <subfield code="c">23cm (pb)</subfield>
  </datafield>
  <datafield tag="942" ind1=" " ind2=" ">
    <subfield code="2">ddc</subfield>
    <subfield code="c">EN</subfield>
    <subfield code="h">363.7396</subfield>
    <subfield code="m">SAR</subfield>
    <subfield code="e">1</subfield>
  </datafield>
  <datafield tag="999" ind1=" " ind2=" ">
    <subfield code="c">216363</subfield>
    <subfield code="d">216363</subfield>
  </datafield>
  <datafield tag="952" ind1=" " ind2=" ">
    <subfield code="0">0</subfield>
    <subfield code="1">0</subfield>
    <subfield code="4">0</subfield>
    <subfield code="7">1</subfield>
    <subfield code="8">NFIC</subfield>
    <subfield code="a">DBAD</subfield>
    <subfield code="b">DBAD</subfield>
    <subfield code="d">2026-05-22</subfield>
    <subfield code="e">Delivery of Books Act Division</subfield>
    <subfield code="g">360.00</subfield>
    <subfield code="l">0</subfield>
    <subfield code="o">363.7396 SAR</subfield>
    <subfield code="p">EN-132137</subfield>
    <subfield code="r">2026-05-22 16:15:36</subfield>
    <subfield code="t">1</subfield>
    <subfield code="v">360.00</subfield>
    <subfield code="w">2026-05-22</subfield>
    <subfield code="y">EN</subfield>
  </datafield>
</record>
